Score 0/25 Timer 08:00
0 Plays Today
Column % Correct
Charlie Chaplin
94.1%
Cher
91.8%
Cameron Diaz
86.5%
Clint Eastwood
84.3%
Courteney Cox
83%
Chuck Norris
82%
Celine Dion
79.3%
Conan O'Brien
77.8%
Channing Tatum
69.7%
Chevy Chase
69.1%
Colin Farrell
66.6%
Carlos Santana
64.2%
Cuba Gooding Jr.
63.5%
Column % Correct
Cyndi Lauper
62.9%
Carrie Underwood
62.8%
Charlize Theron
60.5%
Catherine Zeta-Jones
58.2%
Christian Bale
58%
Carol Burnett
57.8%
Cheech Marin
55.9%
Charlton Heston
53.9%
Carson Daly
44%
Chad Michael Murray
40.5%
Chico Marx
32.1%
Claudia Schiffer
31.5%
Remove Ads.
Support Sporcle.
Get the best of Sporcle when you Go Orange. This ad-free experience offers more features, more stats, and more fun while also helping to support Sporcle. Thank you for becoming a member.

You're not logged in!

Compare scores with friends on all Sporcle quizzes.
OR
Log In

Show Comments

Extras

Top Quizzes Today


Score Distribution

Your Account Isn't Verified!

In order to create a playlist on Sporcle, you need to verify the email address you used during registration. Go to your Sporcle Settings to finish the process.

Report this User

Report this user for behavior that violates our Community Guidelines.

Details: